Establishment of fried itik store in m,h, Del Pilar st. Tanay, Rizal/ (Record no. 8964)

MARC details
000 -LEADER
fixed length control field 00975nam a22002297i 4500
003 - CONTROL NUMBER IDENTIFIER
control field URS
005 - DATE AND TIME OF LATEST TRANSACTION
control field 20250325002939.0
008 - FIXED-LENGTH DATA ELEMENTS--GENERAL INFORMATION
fixed length control field 190209b ||||| |||| 00| 0 eng d
040 ## - CATALOGING SOURCE
Language of cataloging eng
Description conventions rda
Transcribing agency URS Pililla Library
082 00 - DEWEY DECIMAL CLASSIFICATION NUMBER
Item number FS BSBA MM10 2014
100 1# - MAIN ENTRY--PERSONAL NAME
Personal name Santos, Edlene Kae C.
Relator term researcher
245 10 - TITLE STATEMENT
Title Establishment of fried itik store in m,h, Del Pilar st. Tanay, Rizal/
Statement of responsibility, etc. Edlene Kae C. Santos
300 ## - PHYSICAL DESCRIPTION
Extent xii, 49 leaves;
Dimensions 28 cm.
336 ## - CONTENT TYPE
Content type term text
Content type code txt
Source rdacontent
337 ## - MEDIA TYPE
Media type term unmediated
Media type code n
Source rdamedia
338 ## - CARRIER TYPE
Carrier type term volume
Carrier type code nc
Source rdacarrier
502 ## - DISSERTATION NOTE
Dissertation note Undergraduate Feasibility Study
Degree type Bachelor of Science in Business Administration Major in Marketing Management
Name of granting institution University of Rizal System Pililla
700 1# - ADDED ENTRY--PERSONAL NAME
Personal name Balajadia, Joji S.F.
Relator term adviser
856 ## - ELECTRONIC LOCATION AND ACCESS
Materials specified Online Request for Student Unpublished Works
Uniform Resource Identifier <a href="https://forms.gle/7LqvGGkaDrUQqz429">https://forms.gle/7LqvGGkaDrUQqz429</a>
856 ## - ELECTRONIC LOCATION AND ACCESS
Uniform Resource Identifier <a href="https://drive.google.com/file/d/13nq7DtkaIUyu86VlgK5-cbdskl69KBT7/view?usp=sharing">https://drive.google.com/file/d/13nq7DtkaIUyu86VlgK5-cbdskl69KBT7/view?usp=sharing</a>
942 ## - ADDED ENTRY ELEMENTS (KOHA)
Source of classification or shelving scheme Dewey Decimal Classification
Koha item type Theses and dissertations
Holdings
Withdrawn status Source of classification or shelving scheme Damaged status Not for loan Home library Current library Shelving location Date acquired Total Checkouts Full call number Barcode Date last seen Price effective from Koha item type
  Dewey Decimal Classification   Not For Loan Pililla College Library Pililla College Library General Stacks 02/09/2019   FS BSBA MM10 2014 FS BSBA MM10 2014 02/09/2019 02/09/2019 Theses and dissertations

University of Rizal System
Email us at univlibservices@urs.edu.ph

Visit our Website www.urs.edu.ph/library